000 00233nam a2200085Ia 4500
008 220204s9999 xx 000 0 und d
082 _a66(058)(543.1)
_bDIR
245 0 _aDirectory of small scale industries in Madhya Pradesh
942 _cBK
999 _c21758
_d21758